Normal view
MARC view
Entry Personal Name
001 - CONTROL NUMBER
- control field: 214648
003 - CONTROL NUMBER IDENTIFIER
- control field: OSt
005 - DATE AND TIME OF LATEST TRANSACTION
- control field: 20220924143034.0
008 - FIXED-LENGTH DATA ELEMENTS
- fixed length control field: 220924|| aca||aabn | a|a d
040 ## - CATALOGING SOURCE
- Original cataloging agency: OSt
- Transcribing agency: OSt
100 ## - HEADING--PERSONAL NAME
- Personal name: Halliday R.Resnick
670 ## - SOURCE DATA FOUND
- Source citation: Work cat.: (OSt)452972: Halliday R.Resnick , Physics part I, 1976
